| 000 | 00436nam a2200169Ia 4500 | ||
|---|---|---|---|
| 003 | GCL | ||
| 008 | 140319s9999 xx 000 0 eng d | ||
| 040 |
_aGCL / _cGCL |
||
| 082 | 0 | 4 |
_a327.9 _bB M |
| 100 | 1 | _aBADEAU, JOHN S. | |
| 245 | 1 | 0 |
_aTHE MIDDLE EAST REMEMBERED / _cBADEAU, JOHN S. |
| 260 |
_a[S.N] : _bTHE MIDDLE EAST INSTITUTE ، _c1983 |
||
| 300 | _a271 P | ||
| 650 | 0 | 4 | _aMIDDLE EAST |
| 650 | 0 | 4 | _aDIPLOMACY |
| 942 |
_2ddc _cBK |
||
| 999 |
_c10928 _d10928 |
||